| 000 | 00557nam a2200133Ia 4500 | ||
|---|---|---|---|
| 008 | 100328s9999 xx 000 0 und d | ||
| 082 | _b66213 | ||
| 100 | _aहिरण्यप्पा जी.एस. | ||
| 245 | _aनॉस्ट्राडेमसची भविष्यवाणी-भाग-2. | ||
| 260 | _bराजेश. | ||
| 630 | _aनॉस्ट्राडेमसची भविष्यवाणी-भाग-2. | ||
| 730 | _aनॉस्ट्राडेमसची भविष्यवाणी-भाग-2. | ||
| 942 | _cBOOK | ||
| 999 |
_c551957 _d551954 |
||